| 000 | 00697nam a2200265Ia 4500 | ||
|---|---|---|---|
| 005 | 20250425162159.0 | ||
| 008 | 250425s9999 xx 000 0 und d | ||
| 020 | _a9682446856 | ||
| 041 | _aspa | ||
| 043 | _amx | ||
| 082 |
_a658.456 _pRIC |
||
| 100 | _aRichero, Alicia | ||
| 245 | 0 |
_aEventos: Guía Practica para su planeación y ejecución _cAlicia, Richero |
|
| 250 | _aPrimera edición | ||
| 260 |
_aMéxico _bTrillas _c1999 |
||
| 300 |
_a70 página _bilustración _c25 cm |
||
| 500 | _aIncluye indice | ||
| 504 | _abibliografía | ||
| 650 | _aEjecución | ||
| 650 | _aPlaneación | ||
| 650 | _aReuniones | ||
| 902 |
_aMonográfico _cImpreso |
||
| 942 | _c01 | ||
| 010 | _a54597 | ||
| 999 |
_c223984 _d223984 |
||